| 000 | 00853nac a22002291u 4500 | ||
|---|---|---|---|
| 010 | _a 93014554 | ||
| 020 | _a0679420681 : | ||
| 082 | 0 | 0 |
_a320.03 _bSAF |
| 090 |
_c9400 _d9400 |
||
| 100 | _aSafire, William, | ||
| 245 | 1 | 0 |
_aSafire's new political dictionary : _bthe definitive guide to the new language of politics / _cby William Safire. |
| 260 |
_aNew York : _bRandom House,c1993. _cc1993. |
||
| 300 |
_axxvii, 930 p. ; _c25 cm. |
||
| 500 | _aRev. and enl. ed. of: Safire's Political dictionary. 3rd ed. c1978. | ||
| 500 | _aIncludes index. | ||
| 500 | _aDistributer: Al-Ahram. | ||
| 511 | _aCatalogued By: Mahitab. | ||
| 651 | 0 |
_aUnited States _xPolitics and government _xDictionaries. |
|
| 700 | 1 |
_aSafire, William, _d1929- |
|
| 740 | 0 | _aNew political dictionary. | |
| 942 |
_cNB _k320.03SAF |
||
| 999 |
_c9400 _d9400 |
||